| 000 | 01239nam0a22002651 4500 | ||
|---|---|---|---|
| 001 | rc\2319053 | ||
| 005 | 20260407122424.0 | ||
| 035 | _a(NLR Aleph) 006470627 | ||
| 090 |
_a5931406 _c5931406 |
||
| 100 | _a20110829d1977 |||y0rusy50 ca | ||
| 101 | 0 | _arus | |
| 102 | _aRU | ||
| 105 | _aa c ||||| | ||
| 200 | 1 |
_aКомплексное рентгено-радиологическое исследование в диагностике заболеваний щитовидной железы _eМетод. указания _fМ-во здрав. СССР. Укр. ин-т усовершенствования врачей. Харьк. НИИ мед. радиологии |
|
| 210 |
_aХарьков _cБ. и. _d1977 |
||
| 215 |
_a16 с. _cил. _d21 |
||
| 300 | _aНа обороте тит. л. сост.: к. м. н. М.И. Спузяк, проф. Ю.Т. Киношенко [и др.] | ||
| 702 | 1 |
_aСпузяк _bМ.И. _4220 |
|
| 702 | 1 |
_aКиношенко _bЮ.Т. _4220 |
|
| 712 | 0 | 2 |
_aУкраинский институт усовершенствования врачей _cХарьков _3RU\NLR\AUTH\889958624 _9413427 |
| 801 | 0 |
_aRU _bNLR _gpsbo |
|
| 801 | 1 |
_aRU _bELAR _2rusmarc |
|
| 852 |
_aNLR _j78-6/936 |
||
| 942 | _cBOOK | ||
| 980 | _aNB | ||